UM Logo
Normal view MARC view
  • Vega, Violeta A.

Entry Personal Name

Number of records used in: 1

001 - CONTROL NUMBER

  • control field: 15955

003 - CONTROL NUMBER IDENTIFIER

  • control field: OSt

005 - DATE AND TIME OF LATEST TRANSACTION

  • control field: 20161011171517.0

008 - FIXED-LENGTH DATA ELEMENTS

  • fixed length control field: 161011|| aca||aabn | a|a d

040 ## - CATALOGING SOURCE

  • Original cataloging agency: OSt

100 ## - HEADING--PERSONAL NAME

  • Personal name: Vega, Violeta A.